A Comparative study and optimization of tig welding and plasma arc welding parameters on Ti-6Al-4V Plates using taguchi method with the grey relational analysis (Record no. 524461)
[ view plain ]
| 000 -LEADER | |
|---|---|
| fixed length control field | 00523nam a22001577a 4500 |
| 003 - CONTROL NUMBER IDENTIFIER | |
| control field | NUST |
| 005 - DATE AND TIME OF LATEST TRANSACTION | |
| control field | 20190621062519.0 |
| 008 - FIXED-LENGTH DATA ELEMENTS--GENERAL INFORMATION | |
| fixed length control field | 190621b ||||| |||| 00| 0 eng d |
| 038 ## - RECORD CONTENT LICENSOR | |
| Staff Name | Mr. Noman |
| 082 ## - DEWEY DECIMAL CLASSIFICATION NUMBER | |
| Classification number | 620.1 |
| 100 ## - MAIN ENTRY--PERSONAL NAME | |
| Personal name | Waleed Mumtaz |
| 9 (RLIN) | 15279 |
| 245 ## - TITLE STATEMENT | |
| Title | A Comparative study and optimization of tig welding and plasma arc welding parameters on Ti-6Al-4V Plates using taguchi method with the grey relational analysis |
| Statement of responsibility, etc. | Waleed Mumtaz |
| 260 ## - PUBLICATION, DISTRIBUTION, ETC. | |
| Place of publication, distribution, etc. | Islamabad |
| Name of publisher, distributor, etc. | SMME NUST |
| Date of publication, distribution, etc. | 2017 |
| 300 ## - PHYSICAL DESCRIPTION | |
| Extent | 55 p. |
| 942 ## - ADDED ENTRY ELEMENTS (KOHA) | |
| Source of classification or shelving scheme | |
| Koha item type | Thesis |
| Withdrawn status | Lost status | Source of classification or shelving scheme | Damaged status | Not for loan | Permanent Location | Current Location | Shelving location | Date acquired | Full call number | Barcode | Date last seen | Price effective from | Koha item type |
|---|---|---|---|---|---|---|---|---|---|---|---|---|---|
| Central Library (CL) | Central Library (CL) | Thesis | 06/21/2019 | 620.1 | CL-T-1752 | 06/21/2019 | 06/21/2019 | Thesis |
